Born in Athens/Georgia - Statistics

General Stats
  • This quiz has been taken 27 times
  • The average score is 2 of 6
Answer Stats
Hint Answer % Correct
Actress, "L.A. Confidential" "8 Mile" "Batman" "Never Say Never Again" 1953 Kim Basinger
75%
Actor, "Dumb and Dumber" "Speed" "The Martian" 1955 Jeff Daniels
63%
Governor of Georgia since 2019 1963 Brian Kemp
44%
Actor, known for his role as Titus Andromedon in "Unbreakable Kimmy Schmidt" 1979 Titus Burgess
25%
Second baseman and outfielder who plays for the Seattle Mariners 1991 Adam Frazier
19%
Actress, known for her role as Karen Jackson in "Shameless" 1988 Laura Slade Wiggins
19%
No matching quizzes found
Score Distribution
Percent of People with Each Score
Percentile by Number Answered
Your Score History
You have not taken this quiz